Medieval man and his notions.

محفوظ في:

المؤلف الرئيسي: Harrison, Frederick, 1884- (مؤلف)

التنسيق: كتاب

اللغة: English

منشور في: London : J. Murray, [1947].

الطبعة: [1st ed.]

الموضوعات:

الوسوم: إضافة وسم

لا توجد وسوم, كن أول من يضع وسما على هذه التسجيلة!

رقم الطلب: DA185 .H3 1947

LEADER 00691nam a2200253u 4500
001 322
003 OSt
005 20251210075329.0
008 130303s1947 enkab 000 0 eng d
010 |a a 48004758 
035 |a rdb03094550 
040 |c ARCE Library 
043 |a e-uk--- 
050 4 |a DA185 .H3 1947 
100 1 |a Harrison, Frederick,   |d 1884-,   |e author 
245 1 0 |a Medieval man and his notions. 
250 |a [1st ed.] 
264 1 |a London :   |b J. Murray,   |c [1947]. 
300 |a viii, 276 pages :  |b illustrations, maps ;   |c 24 cm. 
650 0 |a Civilization, Medieval. 
651 0 |a Great Britain  |x Civilization  |y 1066-1485. 
901 |a reviewed 
942 |c BK  |2 lcc 
999 |c 504  |d 504